افضل الممارسات فى الانحدار اللوجيستى
يتناول هذا الكتاب افضل الممارسات فى الانحدار اللوجيستى وتجىء اهميته من كونه موضوعا ذا اهمية للعلوم الاجتماعية اذ انه يساعد فى التنبوء ببعض الظواهر المختلفة مثل: مرض السكرى، التدخين ومستوى التحصيل الدراسى وعلاقته بالحالة الاجتماعية والاقتصادية للاسرة...
Saved in:
| 格式: | 图书 |
|---|---|
| 语言: | 英语 |
| 出版: |
السعودية
معهد الادارة العامة
2018
|
| 主题: | |
| 标签: |
添加标签
没有标签, 成为第一个标记此记录!
|
MARC
| LEADER | 00000nam a22000007a 4500 | ||
|---|---|---|---|
| 003 | INP | ||
| 005 | 20190114111625.0 | ||
| 008 | 190114b20181440su ||||| |||| 00| 0 eng d | ||
| 952 | |0 0 |1 0 |4 0 |6 150_185000000000000_ج_أ |7 1 |8 arabic_Boo |9 19209 |a INP |b INP |c MAIN |d 2019-01-14 |l 0 |o 150.185 ج أ |p 020207 |r 2022-03-28 00:00:00 |w 2019-01-14 |y BK | ||
| 999 | |c 15962 |d 15962 | ||
| 020 | |a 1440/227 | ||
| 040 | |a EG-INP |c EG-INP | ||
| 082 | |2 21 |a 150.185 |b ج أ | ||
| 245 | |a افضل الممارسات فى الانحدار اللوجيستى |c تاليف جايسون أوزبون | ||
| 260 | |a السعودية |b معهد الادارة العامة |c 2018 |m 1440 | ||
| 300 | |a 583ص: |b جداول ؛ |c 24سم | ||
| 520 | |a يتناول هذا الكتاب افضل الممارسات فى الانحدار اللوجيستى وتجىء اهميته من كونه موضوعا ذا اهمية للعلوم الاجتماعية اذ انه يساعد فى التنبوء ببعض الظواهر المختلفة مثل: مرض السكرى، التدخين ومستوى التحصيل الدراسى وعلاقته بالحالة الاجتماعية والاقتصادية للاسرة | ||
| 650 | |a الطرق الاحصائية |v طرق البحث |x علم النفس | ||
| 651 | |2 qrmak | ||
| 901 | |a Soad | ||
| 902 | |a Soad | ||
| 903 | |a copycat | ||
| 942 | |2 ddc |c BK | ||